banner-ar

سنوات الخداع : (Record no. 62134)

MARC details
000 -الفاتح
حقل البيانات ثابتة الطول 00880nam a22002297a 4500
005 - وقت وتاريخ اخر تعامل مع التسجيلة
رقم الضبط 20240530110533.0
008 - عناصر البيانات ثابتة الطول - معلومات عامة
حقل البيانات ثابتة الطول 160326s2012 ua a f 000 0aara d
017 ## - رقم الايداع القانونى
رقم الايداع القانونى 2012/13487
المصدر ( الهيئة المختصة) مصر . دار الكتب المصرية
020 ## - الرقم الدولى المعيارى للكتب
الرقم الدولى المعيارى للكتاب 9789770931127
040 ## - مصدر الفهرسة
وكالة الفهرسة الأصلية EG-CaGPL
082 04 - رقم تصنيف ديوى العشرى
رقم الطبعة 21
رقم التصنيف 923.2
رقم المادة ق/م س
100 0# - المدخل الرئيسى - إسم شخصى
الإسم الشخصى محمد البرادعى .
245 10 - بيان العنوان
العنوان سنوات الخداع :
بقية العنوان الدبلوماسية النووية فى زمن الخديعة /
بيان المسئوليه,etc محمد البرادعى ؛ ترجمة احمد هيكل .
250 ## - بيان الطبعة
بيان الطبعة ط1.
260 ## - PUBLICATION, DISTRIBUTION, ETC. (IMPRINT)
تاريخ النشر أو التوزيع 2012 .
300 ## - الوصف المادى
التعداد 367 ص ؛
أبعاد الوعاء 24 سم .
600 0# - المدخل الاضافى بالموضوع-اسم شخصى
الإسم الشخصى محمد البرادعى
التقسيم الفرعي الشكلي مذكرات .
651 04 - المدخل الاضافى بالموضوع - اسم جغرافى
الاسم الجغرافي مصر
التقسيم الفرعي العام الاحوال السياسية .
700 0# - المدخل الاضافى - اسم شخصى
الإسم الشخصى احمد هيكل
الدور مترجم .
942 ## - عناصر المدخل الإضافي( كوها)
مصدر التصنيف او مخطط الترفيف Dewey Decimal Classification
Koha [default] item type كتاب
260 ## - PUBLICATION, DISTRIBUTION, ETC. (IMPRINT)
-- القاهرة :
-- دار الشروق ،
Holdings
حالة التراجع حالة الفقد حالة تلف ليس للاعارة المكان المؤقت الموقع الحالى تاريخ الاكتساب اجمالي اﻻعارات رقم الطلب الباركود تاريخ اخر مشاهدة تاريخ تفعيل السعر نوع وعاء كوها
        مكتبة القاهرة الكبرى مكتبة القاهرة الكبرى 03/26/2016   923.2 ق/م س 161689 03/26/2016 03/26/2016 كتاب

Powered By

EGPV